Statistics for Breaking Bad characters

Click here to take the quiz!

General Stats

  • This quiz has been taken 2,652 times
  • The average score is 16 of 24

Answer Stats

Hint Answer % Correct
Main CharacterWalter White
100%
PartnerJesse Pinkman
98%
Brother-in-Law (DEA)Hank Schrader
96%
Better call . . .Saul Goodman
95%
WifeSkyler
94%
Owner of Los Pollos Hermanos (Among other things)Gustavo Fring
93%
SonWalter Jr.
92%
Meth dealer with Mexican cousinsTuco Salamanca
88%
Alias of Main CharacterHeisenberg
84%
Sister-in-LawMarie
81%
Right hand man for aboveMike
75%
Head of Beneke FabricationsTed Beneke
73%
Wheelchair bound bell-ringerHector "Tio" Salamanca
69%
Shot after he opens his apartment doorGale Boetticher
68%
DaughterHolly
66%
Chokes on her own vomitJane
62%
Busted selling meth during sting operationBadger
59%
Partner of aboveSteve Gomez
59%
Kid that is hospitalized after being poisonedBrock
52%
Murdered by a kidCombo
44%
Killed with a box cutterVictor
34%
Don of the Mexican cartelDon Eladio
24%
The kid that does the murderingTomas
22%
Replacement for aboveTyrus
19%

Score Distribution

Percentile by Number Answered

Percent of People with Each Score

Your Score History

You have not taken this quiz